Para comprender la teología
Bewaard in:
| Hoofdauteur: | |
|---|---|
| Formaat: | Boek |
| Taal: | Spaans |
| Gepubliceerd in: |
Estella
Verbo Divino
1992
|
| Onderwerpen: | |
| Tags: |
Voeg label toe
Geen labels, Wees de eerste die dit record labelt!
|
MARC
| LEADER | 00000nam a2200000 a 4500 | ||
|---|---|---|---|
| 001 | UCY5358 | ||
| 003 | CL-VaPUC | ||
| 008 | 950508e19920000SP |||||||||||||||||spa|d | ||
| 082 | 0 | 4 | |a 200 |b VIL |2 21 |
| 100 | 0 | |a Vilanova, Evangelista |e author |9 334067 | |
| 245 | 1 | 0 | |a Para comprender la teología |
| 300 | |a 116 p | ||
| 942 | |c BK | ||
| 945 | |d 19950508 00:00:00 |a aalvarez | ||
| 260 | |a Estella |b Verbo Divino |c 1992 | ||
| 650 | 0 | |a Teología |9 258766 | |
| 650 | 0 | |a Cristianismo |9 257361 | |
| 650 | 0 | |a Historia |9 255047 | |
| 583 | |a last modification |c 19950508 00:00:00 |k Rodrigo Vera | ||
| 999 | |c 233032 |d 233030 | ||
| 952 | |0 0 |1 0 |4 0 |6 200_000000000000000_VIL_1992 |7 0 |8 A |9 238085 |a BIBTEO |b BIBTEO |d 2019-11-18 |i 308115K |l 2 |m 1 |o 200 VIL 1992 |p 308115K |r 2025-01-17 |s 2022-05-05 |w 2019-11-18 |y BK |k ICR | ||